| 000 | 01646cam a22004093a 4500 | ||
|---|---|---|---|
| 999 |
_c534022 _d534022 |
||
| 001 | 12582000 | ||
| 003 | Nust | ||
| 005 | 20200128140732.0 | ||
| 008 | 990309s1999 nyu 000 1 eng d | ||
| 010 | _a 2001553641 | ||
| 020 | _a9780749934170 | ||
| 035 | _a(OCoLC)ocm40932065 | ||
| 038 | _aMSOHAIL | ||
| 040 |
_aJDY _cJDY _dUPZ _dOHI _dFIT _dOCL _dDLC |
||
| 042 | _alccopycat | ||
| 043 | _an-us-ny | ||
| 050 | 0 | 0 | _aCPB Box no. 1800 vol. 6 |
| 082 |
_a813.54 _bROB |
||
| 100 | 1 |
_aRobb, J. D., _d1950- _911420 |
|
| 245 | 1 | 0 |
_aConspiracy in death / _cJ.D. Robb. |
| 250 | _aBerkley ed. | ||
| 260 |
_aNew York : _bBerkley Books, _c1999. |
||
| 300 |
_a378 p. ; _c18 cm. |
||
| 520 | _aIn New York, police officer Eve Dallas investigates the sidewalk murders of homeless people by a killer collecting human organs. By the author of Holiday in Death. | ||
| 650 | 0 |
_aDallas, Eve (Fictitious character) _vFiction. _911421 |
|
| 650 | 0 |
_aPolice _zNew York (State) _zNew York _vFiction. _911422 |
|
| 650 | 0 |
_aPolicewomen _vFiction. _911423 |
|
| 651 | 0 |
_aNew York (N.Y.) _vFiction. _94634 |
|
| 655 | 7 |
_aMystery fiction. _2gsafd _95621 |
|
| 710 | 2 |
_aCopyright Paperback Collection (Library of Congress) _5DLC _91743 |
|
| 856 | 4 | 2 |
_3Contributor biographical information _uhttp://www.loc.gov/catdir/enhancements/fy0717/2001553641-b.html |
| 856 | 4 | 2 |
_3Publisher description _uhttp://www.loc.gov/catdir/enhancements/fy0717/2001553641-d.html |
| 856 | 4 | 1 |
_3Sample text _uhttp://www.loc.gov/catdir/enhancements/fy1505/2001553641-s.html |
| 906 |
_a7 _bcbc _ccopycat _d2 _encip _f20 _gy-genrareb |
||
| 942 |
_2ddc _cBK |
||